000 00584nam a2200205 i 4500
001 26660
003 ES-MaACL
005 20230906153459.0
007 t|
008 030110s1981 sp ||||1| spa d
100 1 _aArvon, Henri.
_923520
245 1 3 _aEl anarquismo en el siglo XX /
_cHenri Arvon ; versión... de Ana Goldar.
260 _aMadrid :
_bTaurus,
_c[1981]
300 _a184 p. ;
_c21 cm.
490 1 _aEnsayistas ;
_v180
700 1 _aGoldar, Ana.
_957637
830 0 _aEnsayistas ;
_v180
_9177257
852 _aES-MaACL
_jL-798
_bR.101588
999 _c26660
_d26660